00345nam a2200109Ia 4500008004100000020001800041082001900059100001800078245010400096260002400200300001100224210430s9999 xx 000 0 und d a9781856178099 a 671.2 C1721 C aJohn Campbell aComplete Casting Handbook: Metal casting Procsses Metallurgy Techniques and Design /cJohn Campbell aUSAbElsevierc2011 a1130 p